000 00289nam a2200109Ia 4500
008 200302s9999 xx 000 0 und d
100 _aC. S. Yadav
245 _aPerceptual and Cognitive Image of the City Vol 12
260 _bConcept Publishing Co. Ltd.
260 _c1987
300 _a479 P.,
999 _c5545
_d5545